Suvenír pre Slovensko

Uložené v:
Podrobná bibliografia
Hlavný autor: Džubakovská, Katarína (Autor)
Ďalší autori: Paliatka, Peter (Vedúci práce)
Médium: Rukopis Kniha
Jazyk:Slovak
Vydavateľské údaje: Bratislava 2023
Predmet:
On-line prístup:http://is.stuba.sk/zp/portal_zp.pl?podrobnosti=155607
Tagy: Pridať tag
Žiadne tagy, Buďte prvý, kto otaguje tento záznam!

MARC

LEADER 00000ntm a22000003a 4500
001 stuzp94605
003 SK-STU
005 20231005090622.3
007 ta
008 150427s2015----xo-----f-mn---000-0-slo-d
040 |a STU  |b slo 
041 0 |a slo 
100 1 |a Džubakovská, Katarína  |u 059190  |4 aut  |U FAD Fakulta architektúry a dizajnu  |T FAD Ústav dizajnu  |X 103543  |U A9190  |Y 400  |7 103543 
242 0 1 |a Souvenir for Slovakia  |y eng 
245 1 0 |a Suvenír pre Slovensko 
260 |c 2023  |a Bratislava 
650 4 |a Dizajn  |2 slo 
650 4 |a Suvenír  |2 slo 
650 4 |a knižná kultúra  |2 slo 
650 4 |a Souvenir  |2 eng 
650 4 |a Book coulture  |2 eng 
650 4 |a Design  |2 eng 
700 1 |a Paliatka, Peter  |4 ths  |X 332  |7 A000000332 
856 4 |u http://is.stuba.sk/zp/portal_zp.pl?podrobnosti=155607  |u https://opac.crzp.sk/?fn=detailBiblioForm&sid=C03CB0FBA6588971D13020D1B6BF